000 00333 a2200157 4500
001 50075
020 _a
040 _cAnchieta - Bela Vista
100 _aRede Nacional Primeiro Infância
240 1 0 _aDeixa eu falar!
_lpor
245 1 0 _aDeixa eu falar!
300 _a32
362 0 _a2011
650 4 _aEducação
942 _cBK
999 _c50075
_d50075